000 01586nam a22004217a 4500
003 CHAP
005 20220329143152.0
008 060929d2006 mx ad r 00110 spa d
010 _a92832
011 _a93804
035 _a104385
040 _cCHAP
090 _aTesis
100 1 _aBaños López, Beatriz Leonarda.
_99998
245 1 0 _aCuranderos y cosmovisión Teenek de Aquismón, S. L. P.
_c/por Beatriz Leonarda Baños López y Gerardo González Burgos
260 _aChapingo, Méx. :
_bEl autor,
_c2006
300 _a245 h. :
_bilus. ; gráfs. ; cuadros
502 _aTesis (Ing. Agr. Esp. en Sociología Rural) -- UACH. Departamento de Sociología Rural
590 _aALEPH
_b10
_c20130110
_lUCH01
_h1514
590 _aBATCH-UPD
_b10
_c20130110
_lUCH01
_h0530
590 _aBATCH-UPD
_b10
_c20130410
_lUCH01
_h0210
590 _aBATCH-UPD
_b10
_c20130410
_lUCH01
_h1642
590 _aBATCH-UPD
_b10
_c20130914
_lUCH01
_h0742
590 _aCONVERSION
_b10
_c20130109
_lUCH01
_h1351
650 1 4 _aBotánica médica.
_914680
650 1 4 _aBrujería
_xMéxico.
_915760
650 1 4 _aCuranderos.
_930506
650 1 4 _aIndios de México
_xMedicina.
_957633
650 1 4 _aIndios de San Luis Potosí.
_957659
650 1 4 _aMateria médica mexicana.
_972930
650 1 4 _aMedicina tradicional.
_973921
700 1 _aGonzález Burgos, Gerardo.
_948735
901 _aBK
905 _aMarco A. Mendoza T.
942 _cFOLL
949 _aTesis
_bBC
_cTES
_d00000001043851
_eTS1
_gDonaciØn
_h45780
_i104385
_sb
949 _aTesis
_bBC
_cTES
_d33724000998647
_eTS2
_fc.2
_gDonaciØn
_h45781
_i104385
_sb
999 _c92832
_d92832